| 000 | 00859nam a2200241Ia 4500 | ||
|---|---|---|---|
| 003 | GCL | ||
| 008 | 140319s9999 xx 000 0 ara d | ||
| 020 | _a0379601977 | ||
| 040 |
_aGCL / _cGCL |
||
| 082 | 0 | 4 |
_a953.071 _bد م |
| 100 | 1 | _aدوزى، رينهرت | |
| 245 | 1 | 0 |
_aالمسلمون فى الاندلس : _bج1المسيحيون والمولدون \ ج2اسبانيا الاسلامية \ ج3ــــــــــ / _cدوزى، رينهرت |
| 700 | 1 | _aحسن حبشى | |
| 250 | _aالاولى | ||
| 260 |
_aالقاهرة : _bالهيئة المصرية العامة للكتاب ، _c1994 |
||
| 300 |
_aمتعدد ؛ _c22 سم |
||
| 650 | 0 | 4 | _aالاسلام |
| 650 | 0 | 4 | _aالاندلس |
| 650 | 0 | 4 | _aالفتوحات الاسلامية |
| 650 | 0 | 4 | _aالتاريخ |
| 650 | 0 | 4 | _aالاسلام فى اوروبا |
| 942 |
_2ddc _cBK |
||
| 999 |
_c29807 _d29807 |
||